Asian Dreams and Christian Hope (Record no. 10380)

MARC details
000 -LEADER
fixed length control field 00626nam a2200241 a 4500
020 ## - INTERNATIONAL STANDARD BOOK NUMBER
ISBN 8172142
082 00 - DEWEY DECIMAL CLASSIFICATION NUMBER
Classification number 200.9
Author Cutter WIL
100 ## - MAIN ENTRY--AUTHOR NAME
Author name Wilfred, Felix
245 ## - TITLE STATEMENT
Title Asian Dreams and Christian Hope
Sub title at the Dawon of the Millennium.
260 ## - PUBLICATION, DISTRIBUTION, ETC. (IMPRINT)
Place of publication Delhi
Name of publisher ISPCK
Year of publication 2000
300 ## - PHYSICAL DESCRIPTION
Number of Pages 312p
500 ## - GENERAL NOTE
General note includes index and biblioraphy
505 2# - FORMATTED CONTENTS NOTE
Formatted contents note Index
650 ## - SUBJECT ADDED ENTRY--TOPICAL TERM
Topical Term Human Rights-Religious Aspects
942 ## - ADDED ENTRY ELEMENTS (KOHA)
Koha item type Books
700 1# -
-- Wilfred, Felix
Holdings
Collection code Home library Current library Date acquired Cost, normal purchase price Full call number Accession Number Koha item type
  Henry Martyn Institute Library Henry Martyn Institute Library 04/03/2009 95.00 200.9 WIL 019751 Books
                   Copyright © 2026 | Henry Martyn Institute | Hyderabad | TS-500052 | INDIA | Implemented by hmi.edu.in
Hit-Count:

Powered by Koha